El Palau Güell : arquitectura i noves vibracions : acte inaugural de Les nits del Palau Güell acte inaugural de Les nits del Palau Güell
Descripción Física:
1 díptic ; il·lustracions color ; 15 x 21 cm
Idioma:
Catalán
MARC
| LEADER | 00000nam a22000007a 4500 | ||
|---|---|---|---|
| 001 | 27973 | ||
| 003 | Arxiu | ||
| 005 | 20260324181518.0 | ||
| 008 | 230606b spa||||| |||| 00| 0 cat d | ||
| 017 | |a B 17979-2018 | ||
| 040 | |a agdb |b cat | ||
| 245 | |a El Palau Güell : arquitectura i noves vibracions : |b acte inaugural de Les nits del Palau Güell | ||
| 260 | |a Barcelona : |b Palau Güell : |b Diputació de Barcelona ; |c 2018 | ||
| 300 | |a 1 díptic ; |b il·lustracions color ; |c 15 x 21 cm | ||
| 500 | |a Fulletó de l'acte inaugural de Les nits del Palau Güell, celebrat el dia 2 de juliol de 2018. | ||
| 610 | 2 | 0 | |9 17034 |a Palau Güell (Barcelona) |
| 610 | 1 | 0 | |a Barcelona (Catalunya : Província). |b Diputació |9 52408 |
| 710 | 2 | |a Palau Güell (Barcelona) |9 17034 | |
| 942 | |2 udc |c ARXIU |n 1 | ||
| 952 | |0 0 |1 0 |2 udc |4 0 |6 FU765 |7 1 |9 66451 |a Arxiu |b Arxiu |d 2023-06-06 |l 0 |o FU-76-5 |p 27973 |r 2023-06-06 00:00:00 |w 2023-06-06 |y ARXIU | ||
| 999 | |c 83786 |d 83786 | ||